City to Country - April Fools' Edition - Statistics

General Stats
  • This quiz has been taken 42 times
  • The average score is 11 of 20
Answer Stats
City Country % Correct
New York United States
97%
Rome United States
57%
Paris United States
54%
Shanghai United States
54%
London United States
54%
Cairo United States
54%
Berlin United States
54%
Sydney United States
54%
Moscow United States
54%
Delhi United States
54%
Madrid United States
54%
Johannesburg United States
54%
Singapore United States
54%
Vienna United States
54%
Buenos Aires United States
54%
Jerusalem United States
54%
Manila United States
54%
Athens United States
54%
Vancouver United States
54%
Stockholm United States
54%
No matching quizzes found
Score Distribution
Percent of People with Each Score
Percentile by Number Answered
Your Score History
You have not taken this quiz